| 000 | 00906nam a22002417a 4500 | ||
|---|---|---|---|
| 001 | 46915 | ||
| 003 | BD-RjUL | ||
| 005 | 20211209054229.0 | ||
| 008 | 160806s1999 bg ||||| |||| 00| 0 ben d | ||
| 020 |
_a9840739778 _c: TK 110.00 |
||
| 035 | _a(BD-RjUL)47034 | ||
| 040 |
_aBD-RjUL _bben _cBD-RjUL |
||
| 041 | _aben | ||
| 082 |
_223 _a297.0954 _bTAV 1999 |
||
| 100 |
_aতারাচাদ _9142910 |
||
| 245 | 1 | 0 |
_aভারতীয় সংস্কৃতিতে ইসলামের প্রভাব / _cতারাচাদ |
| 260 |
_aঢাকা : _bবাংলা একাডেমী, _c১৯৯৯ |
||
| 300 |
_a[১৪], ১৮৮ পৃ. ; _c২১ সেমি. |
||
| 650 |
_aইসলাম _zভারত _9142911 |
||
| 650 |
_aIslam _zIndia _9139058 |
||
| 700 |
_aগোস্বামী, করুণাময়, অনুবাদ _9142912 |
||
| 942 |
_2ddc _cBK |
||
| 999 |
_c46915 _d46915 |
||